000 01056nam a22003138i 4500
001 019765295
003 EG-ScBUE
005 20211206122005.0
008 200302s2020 enka f bd 000 0 eng d
020 _a9780500295946 (pbk.)
040 _aStDuBDS
_beng
_erda
_cStDuBDS
_dEG-ScBUE
082 0 4 _a749.3209
_bORR
_222
100 1 _aOrrom, James,
_eauthor.
245 1 0 _aChair anatomy :
_bdesign and construction /
_cJames Orrom.
264 1 _aLondon :
_bThames & Hudson,
_c2020.
300 _a240 pages :
_billustrations (black and white, and colour) ;
_c26 cm
336 _atext
_2rdacontent
_btxt
336 _astill image
_2rdacontent
_btxt
337 _aunmediated
_2rdamedia
_bn
338 _avolume
_2rdacarrier
_bnc
500 _aOriginally published: 2018.
500 _aIncludes glossary.
504 _aIncludes bibliographical references.
650 7 _aChair design
_xHistory
_y20th century.
_2BUEsh
650 7 _aChair design
_xHistory
_y21st century.
_2BUEsh
653 _bART
_cDecember2021
655 _vReading book
_934232
942 _2ddc
_cBB
999 _c29689
_d29660